Text book of yoga and health (Record no. 31710)

MARC details
000 -LEADER
fixed length control field 00458nam a2200169Ia 4500
008 - FIXED-LENGTH DATA ELEMENTS--GENERAL INFORMATION
fixed length control field 230917s9999||||xx |||||||||||||| ||und||
020 ## - ISBN
Price RS1600
040 ## - CATALOGING SOURCE
-- 256327
Original cataloging agency VIVEKANANDA LIBRARY
041 ## - Language
-- English
082 ## - DDC NUMBER
Classification number 613.7046 B198T
100 ## - MAIN ENTRY--PERSONAL NAME
Personal name Bali, Vinod Marotrao
245 #0 - TITLE STATEMENT
Title Text book of yoga and health
260 ## - PUBLICATION, DISTRIBUTION, ETC. (IMPRINT)
Place of publication, distribution, etc New Delhi
Name of publisher, distributor, etc Khel Sahitya Kendra
Date of publication, distribution, etc 2017
300 ## - PHYSICAL DESCRIPTION
Pages 383 p.
500 ## - GENERAL NOTE
General note 3507 16/07/2019 HBD19/7924 07/08/2019 Main Budget
942 ## - ADDED ENTRY ELEMENTS (KOHA)
Koha item type Books
Holdings
Withdrawn status Lost status Damaged status Not for loan Location (home branch) Sublocation or collection (holding branch) Date acquired Koha issues (times borrowed) Koha full call number Accession No. Koha date last seen Koha item type
        VIVEKANANDA LIBRARY VIVEKANANDA LIBRARY 11/09/2019   613.7046 B198T 384528 17/09/2023 Books
© Designed and Maintained by Vivekananda Library, MDU Rohtak